Titres de chansons en homonymes (clic quiz) - Statistiques

Statistiques générales
  • Ce quiz a été pris 266 fois
  • Le résultat moyen est 9 sur 10
Statistiques - réponses
Hint Réponse % Correct
...contrefaçon Cent
96%
Le lion est mort ce... Seoir
96%
Partir...jour Ain
95%
Mourir sur... Saine
94%
Il suffira d'un... Cygne
89%
Le...des cerises Tant
88%
The...must go on Chaud
85%
Un...c'est toi Poing
85%
...maman... Scie
84%
One...beyond Steppe
79%
Aucun quiz correspondant
Distribution des résultats
% des personnes avec chaque résultat
Percentile par nombre de réponses
Votre historique - résultats
Vous n’avez pas pris ce quiz